Central Library OPAC University of Rajshahi

Entomology and pest management / (Record no. 36966)

MARC details
000 -LEADER
fixed length control field 00870nam a22003014a 4500
001 - CONTROL NUMBER
control field 36966
003 - CONTROL NUMBER IDENTIFIER
rucl marc code BD-RjUL
005 - DATE AND TIME OF LATEST TRANSACTION
control field 20211209052549.0
008 - FIXED-LENGTH DATA ELEMENTS--GENERAL INFORMATION
fixed length control field 140924s2002 njua b 001 0 eng
020 ## - INTERNATIONAL STANDARD BOOK NUMBER
International Standard Book Number 0130195677
035 ## - SYSTEM CONTROL NUMBER
System control number (BD-RjUL)37068
040 ## - CATALOGING SOURCE
Original cataloging agency DLC
Transcribing agency DLC
Modifying agency DLC
-- BD-RjUL
Language of cataloging eng
041 ## - LANGUAGE CODE
Language code of text/sound track or separate title eng
082 00 - DEWEY DECIMAL CLASSIFICATION NUMBER
Classification number 632.7
Edition number 21
Author mark and year PEE 2002
100 1# - MAIN ENTRY--PERSONAL NAME
Personal name Pedigo, Larry P.
9 (RLIN) 112937
245 10 - TITLE STATEMENT
Title Entomology and pest management /
Statement of responsibility, etc. Larry P. Pedigo.
250 ## - EDITION STATEMENT
Edition statement 4th ed.
260 ## - PUBLICATION, DISTRIBUTION, ETC. (IMPRINT)
Place of publication, distribution, etc. Upper Saddle River, N.J. :
Name of publisher, distributor, etc. Prentice Hall,
Date of publication, distribution, etc. c2002.
300 ## - PHYSICAL DESCRIPTION
Pagination xxii, 742 p. :
Illustrations ill. ;
Size 26 cm.
504 ## - BIBLIOGRAPHY, ETC. NOTE
Bibliography, etc Includes bibliographical references.
650 #0 - SUBJECT ADDED ENTRY--TOPICAL TERM
Topical term or geographic name as entry element Insect pests
General subdivision Control.
9 (RLIN) 112695
Topical term or geographic name as entry element Insect pests.
9 (RLIN) 112938
Topical term or geographic name as entry element Insects.
9 (RLIN) 112939
Topical term or geographic name as entry element Entomology.
9 (RLIN) 112940
942 ## - ADDED ENTRY ELEMENTS (KOHA)
Source of classification or shelving scheme Dewey Decimal Classification
Koha item type Books
Holdings
Lost status Source of classification or shelving scheme Damaged status Not for loan Collection code Permanent Location Current Location Shelving location Date acquired Source of acquisition Total Checkouts Full call number Date last seen Copy number Koha item type Cost, normal purchase price
  Dewey Decimal Classification   Not For Loan Non-fiction Institute of Biological Sciences (IBSc) Library Institute of Biological Sciences (IBSc) Library   24/09/2014 Karim International   632.7 PEE 2002 24/09/2014 C-1 Books  
  Dewey Decimal Classification   Not For Loan   Institute of Biological Sciences (IBSc) Library Institute of Biological Sciences (IBSc) Library   19/01/2015 Karim International   632.7 PEE 2002 19/01/2015 C-2 Books 522.00